| 000 | 00000nas 2200000zi 4500 |
| 001 | 9.940383 |
| 003 | CaOODSP |
| 005 | 20240710114136 |
| 006 | m o d f |
| 007 | cr ||||||||||| |
| 008 | 240710d20182018ntc|| m o f1###|0fre|d |
| 040 | |aCaOODSP|bfre|erda|cCaOODSP |
| 043 | |an-cn--- |
| 086 | 1 |aR103-1F-PDF |
| 130 | 0 |aSérie de fiches d'information de la Conférence sur le logement dans le Nord. |
| 245 | 10|aSérie de fiches d'information de la Conférence sur le logement dans le Nord. |
| 264 | 1|aYellowknife (Territoires du Nord-Ouest) : |bConférence sur le logement dans le Nord, |c[2018] |
| 336 | |atexte|btxt|2rdacontent/fre |
| 337 | |ainformatique|bc|2rdamedia/fre |
| 338 | |aressource en ligne|bcr|2rdacarrier/fre |
| 362 | 1 |aParaît depuis et cessé avec : mai 2018. |
| 500 | |aPublié aussi en anglais sous le titre : Northern housing forum fact sheet series. |
| 588 | |aDescription d'après : mai 2018 ; titre de départ du fichier PDF. |
| 588 | |aDernière livraison consultée : mai 2018. |
| 650 | 6|aLogement|xPolitique gouvernementale|zCanada (Nord)|vCongrès. |
| 710 | 2 |aSavoir polaire Canada, |eorganisme parrain. |
| 711 | 2 |aConférence sur le logement dans le Nord |d(mai 2018 : |cYellowknife, Territoires du Nord-Ouest)|jorganisme de publication. |
| 775 | 08|tNorthern housing forum fact sheet series.|w(CaOODSP)9.938299 |